000 01014cam a22003137a 4500
003 CHAP
005 20220817041533.0
008 971013s1822 r 00010 d
010 _a17365
011 _a18337
035 _a22422
040 _cCHAP
082 _a330.972
_bH8
100 0 0 _aHumboldt, Alexander Von.
_956868
245 0 _aEnsayo político sobre el reino de la Nueva España
260 _aParis :
_bEn Casa de Rosa,
_c1822
300 _av.
590 _aBATCH-UPD
_b10
_c20130110
_lUCH01
_h1132
590 _aBATCH-UPD
_b10
_c20130410
_lUCH01
_h0720
590 _aBATCH-UPD
_b10
_c20130914
_lUCH01
_h1823
590 _aCONVERSION
_b10
_c20130109
_lUCH01
_h1311
650 1 4 _aMéxico
_xCondiciones económicas.
650 1 4 _aMéxico
_xCondiciones sociales.
_976730
901 _aBK
942 _cLIBRO
949 _a330.972 H8
_bBC
_cBPP
_d-52499
_eBPP
_fv.2
_h33
_i22422
_si
949 _a330.972 H8
_bBC
_cBPP
_d-52500
_eBPP
_fv.3
_h34
_i22422
_si
949 _a330.972 H8
_bBC
_cBPP
_d-52502
_eBPP
_fv.4
_h35
_i22422
_si
999 _c17365
_d17365